[Event "AUTO-OPEN-4598"]
[Site "http://www.queenalice.com/game.php?id=1866676"]
[Date "2025.12.7"]
[Round "2"]
[White "Bordon"]
[Black "Nolimet"]
[Result "1-0"]
[WhiteElo "2121"]
[BlackElo "1979"]

1. e4 c5 2. Nc3 Nc6 3. f4 e6 4. Nf3 Nf6 5. Bb5 d5 6. e5 Nd7 7. Bxc6 bxc6 8. d3
Be7 9. O-O O-O 10. Bd2 Qb6 11. Na4 Qa6 12. Nc3 Rb8 13. b3 Nb6 14. a4 Qb7 15. Ne2
d4 16. c3 Rd8 17. a5 Nd5 18. c4 Nb4 19. Be1 Qd7 20. Ra4 Qe8 21. Ng3 f6 22. exf6
Bxf6 23. Bxb4 Rxb4 24. Ra3 h5 25. Ne4 Qe7 26. Nxf6+ Qxf6 27. Ne5 Bd7 28. Qxh5
Be8 29. Qg5 Qxg5 30. fxg5 Rdb8 31. Rb1 Kf8 32. h4 Ke7 33. g4 Kd6 34. Nf3 Bg6 35.
Ne1 e5 36. h5 Bf7 37. Kg2 Be6 38. Kg3 e4 39. dxe4 Bxc4 40. h6 gxh6 41. gxh6 d3
42. Rd1 Rxb3 43. Rxb3 Rxb3 44. h7 Rb8 45. Nxd3 Bxd3 46. Rxd3+ Ke5 47. Kf3 Rh8
48. Rd7 c4 49. Ke3 c3 50. Kd3 Kf4 51. Rxa7 Kxg4 52. Kxc3 Kf4 53. Re7 Kg5 54. a6
Kf6 55. Rc7 Ke5 56. Kd3 Kd6 57. Rg7 Kc5 58. a7 Kb6 59. Kc4 c5 60. Rg8 1-0

[Event "AUTO-OPEN-4598"]
[Site "http://www.queenalice.com/game.php?id=1866677"]
[Date "2025.12.7"]
[Round "2"]
[White "Nolimet"]
[Black "Bordon"]
[Result "0-1"]
[WhiteElo "1977"]
[BlackElo "2113"]

1. e4 e5 2. Nc3 Nf6 3. f4 d5 4. fxe5 Nxe4 5. Qf3 Nxc3 6. bxc3 Be6 7. d4 c5 8.
Bb5+ Nc6 9. Ne2 Be7 10. O-O O-O 11. a4 c4 12. Bxc6 bxc6 13. Ba3 Bxa3 14. Rxa3 f6
15. Qg3 fxe5 16. Qxe5 Rxf1+ 17. Kxf1 Qf8+ 18. Kg1 Qxa3 19. Qxe6+ Kh8 20. Qxc6
Qa1+ 21. Kf2 Rf8+ 22. Ke3 Rd8 23. Qc7 Re8+ 24. Kf3 Qxa4 25. Qf7 Rd8 26. Qc7 Qd7
27. Qe5 a5 28. Nf4 a4 29. Qe1 a3 30. Qa1 Qa4 31. Ne6 Re8 32. Ng5 a2 33. Nf7+ Kg8
34. Nd6 Rf8+ 35. Kg3 Qxc2 36. Qe1 Qf2+ 0-1

[Event "AUTO-OPEN-4598"]
[Site "http://www.queenalice.com/game.php?id=1866678"]
[Date "2025.12.7"]
[Round "2"]
[White "Bordon"]
[Black "WoodpusherKid"]
[Result "1-0"]
[WhiteElo "2087"]
[BlackElo "2659"]

1. e4 e5 2. Nf3 Nc6 3. Bc4 Bc5 4. c3 Nf6 5. b4 Be7 6. d3 d5 7. exd5 Nxd5 8. O-O
O-O 9. Re1 Bf6 10. a4 e4 11. dxe4 Ndxb4 12. Ra3 Na6 13. Bxa6 bxa6 14. h3 Qxd1
15. Rxd1 Re8 16. Re1 Be7 17. Ra1 Na5 18. Ba3 Nb3 19. Ra2 Bxa3 20. Rxa3 Nd4 21.
Nxd4 h6 22. Nd2 Bb7 23. Rb3 Bc8 24. Nc6 Bd7 25. Nd4 Bxa4 26. Ra3 Bb5 27. Nxb5
axb5 28. Rb3 Reb8 29. Reb1 c6 30. c4 a5 31. cxb5 a4 32. Rb4 cxb5 33. Rxb5 Rxb5
34. Rxb5 a3 35. Rb1 Ra4 36. Ra1 Rd4 37. Ra2 f5 38. exf5 Rd5 39. g4 h5 40. f3 Kh7
41. Kf2 g6 42. fxg6+ Kxg6 43. Ke3 1-0

[Event "AUTO-OPEN-4598"]
[Site "http://www.queenalice.com/game.php?id=1866679"]
[Date "2025.12.7"]
[Round "2"]
[White "WoodpusherKid"]
[Black "Bordon"]
[Result "1-0"]
[WhiteElo "2620"]
[BlackElo "2089"]

1. Nf3 Nf6 2. c4 g6 3. Nc3 Bg7 4. d4 d6 5. e4 O-O 6. Bd3 Bg4 7. Be3 Nc6 8. d5
Ne5 9. Be2 Bxf3 10. gxf3 c6 11. f4 Ned7 12. Qb3 cxd5 13. exd5 Nc5 14. Qc2 Qd7
15. Rg1 Qh3 16. O-O-O a6 17. Rg3 Qc8 18. a4 Qc7 19. Rh3 1-0